000 00393 a2200157 4500
020 _a0706990161
082 _a657.48
090 _c2416
_d2416
100 _aMaheshwari,S.N.
245 _aFinancial Accounting
_cDR S N Maheshwari
250 _a1st edition
260 _aNew Delhi
_bVikas Publishing House
_c1994
300 _a4.36 p
500 _aPaper cover
942 _aNBS
_cBK
_k657.48 MAH
999 _c344914
_d344914